[Event "Schleswig Holstein-ch Kandidatenklasse"]
[Site "Ratzeburg"]
[Date "2017.04.13"]
[Round "6.10"]
[White "Gabor, Hartmut"]
[Black "Kroschel, Anton"]
[Result "1-0"]
[WhiteElo "1848"]
[BlackElo "1738"]
[PlyCount "73"]
[EventDate "2017.04.13"]
[EventType "swiss"]
[EventRounds "9"]
[EventCountry "GER"]
[SourceTitle "EXT 2022"]
[Source "ChessBase"]
[SourceDate "2021.10.06"]
[SourceVersion "1"]
[SourceVersionDate "2021.10.06"]
[SourceQuality "1"]

1. e4 c5 2. Nf3 e6 3. d4 cxd4 4. Nxd4 Nf6 5. Nc3 Nc6 6. Be3 a6 7. Be2 Qc7 8. 0-0 Bb4 9. f3 0-0 10. a3 Bc5 11. f4 d6 12. Qd3 Nxd4 13. Bxd4 b5 14. Kh1 Bxd4 15. Qxd4 Bb7 16. Bf3 Rfd8 17. a4 bxa4 18. Qxa4 d5 19. e5 Nd7 20. Ne2 Qb6 21. Nd4 Nc5 22. Qa5 Nd7 23. c3 Qxa5 24. Rxa5 Nb6 25. b3 Rdc8 26. c4 Rab8 27. c5 Nd7 28. b4 Ba8 29. Nc2 Bc6 30. Be2 Bb5 31. Bxb5 Rxb5 32. Rxa6 Nxc5 33. bxc5 Rbxc5 34. Ne1 Rc1 35. Kg1 g6 36. Nf3 R1c4 37. g3 1-0

[Event "Schleswig Holstein-ch Kandidatenklasse"]
[Site "Ratzeburg"]
[Date "2017.04.13"]
[Round "8.9"]
[White "Teska, Andreas"]
[Black "Kroschel, Anton"]
[Result "1-0"]
[WhiteElo "1912"]
[BlackElo "1738"]
[PlyCount "108"]
[EventDate "2017.04.13"]
[EventType "swiss"]
[EventRounds "9"]
[EventCountry "GER"]
[SourceTitle "EXT 2022"]
[Source "ChessBase"]
[SourceDate "2021.10.06"]
[SourceVersion "1"]
[SourceVersionDate "2021.10.06"]
[SourceQuality "1"]

1. d4 f5 2. Nf3 g6 3. g3 Bg7 4. Bg2 Nf6 5. 0-0 0-0 6. c4 d6 7. Nc3 a5 8. b3 Qe8 9. Bb2 Na6 10. Qc1 Nh5 11. Nd5 h6 12. a3 e6 13. Nf4 Nf6 14. b4 g5 15. Nd3 Ne4 16. b5 Nb8 17. a4 Nd7 18. Nfe1 d5 19. c5 c6 20. f3 Nef6 21. b6 g4 22. Bc3 gxf3 23. exf3 Qg6 24. Nf4 Qe8 25. Qe3 Nb8 26. Ned3 Nh5 27. Rfe1 Rf6 28. Nxh5 Qxh5 29. Nf4 Qf7 30. Bf1 h5 31. Bd2 Bh6 32. Qe5 Nd7 33. Qe2 Nf8 34. Qg2 Bxf4 35. Bxf4 Rg6 36. Ra2 Nh7 37. Qh3 Bd7 38. Rg2 Nf6 39. Be5 Kg7 40. Bd3 Rh8 41. Qh4 Bc8 42. Kf2 Qg8 43. Qf4 Kf7 44. Qd2 h4 45. Bxf6 Kxf6 46. Qxa5 hxg3+ 47. hxg3 Rxg3 48. Reg1 Rh2 49. Bf1 Rhxg2+ 50. Bxg2 Qg5 51. Qe1 f4 52. a5 Qg6 53. Qe5+ Ke7 54. Qxf4 Qc2+ 1-0

[Event "GER-chT U14"]
[Site "Regensburg"]
[Date "2014.12.28"]
[Round "3.1"]
[White "Kroschel, Anton"]
[Black "Roos, Jonas1111"]
[Result "0-1"]
[WhiteElo "1610"]
[BlackElo "1736"]
[PlyCount "24"]
[EventDate "2014.12.27"]
[EventType "team-swiss"]
[EventRounds "7"]
[EventCountry "GER"]
[SourceTitle "EXT 2018"]
[Source "ChessBase"]
[SourceDate "2017.10.13"]
[SourceVersion "1"]
[SourceVersionDate "2017.10.13"]
[SourceQuality "1"]
[WhiteTeam "Luebeck"]
[BlackTeam "Porta Westfalica"]
[WhiteTeamCountry "GER"]
[BlackTeamCountry "GER"]

1. Nf3 c5 2. c4 Nc6 3. d4 cxd4 4. Nxd4 g6 5. b3 Bg7 6. Bb2 Qa5+ 7. Bc3 Qb6 8. e3 Nf6 9. Bd3 0-0 10. 0-0 d5 11. Nd2 Ne5 12. N4f3 Nxd3 0-1

[Event "GER-chT U14"]
[Site "Regensburg"]
[Date "2014.12.27"]
[Round "1.1"]
[White "Kroschel, Anton"]
[Black "Fieberg, Samuel"]
[Result "1/2-1/2"]
[WhiteElo "1610"]
[BlackElo "2090"]
[PlyCount "107"]
[EventDate "2014.12.27"]
[EventType "team-swiss"]
[EventRounds "7"]
[EventCountry "GER"]
[SourceTitle "EXT 2016"]
[Source "ChessBase"]
[SourceDate "2015.10.08"]
[SourceVersion "1"]
[SourceVersionDate "2015.10.08"]
[SourceQuality "1"]
[WhiteTeam "Luebeck"]
[BlackTeam "Porz SG"]
[WhiteTeamCountry "GER"]
[BlackTeamCountry "GER"]

1. Nf3 d5 2. c4 d4 3. e3 c5 4. exd4 cxd4 5. d3 Nc6 6. g3 e5 7. Bg2 Nf6 8. 0-0 Bd6 9. a3 a5 10. Re1 0-0 11. Nbd2 Re8 12. Ng5 Bc7 13. Nge4 Nd7 14. Qh5 Nf6 15. Nxf6+ Qxf6 16. Ne4 Qg6 17. Qe2 f5 18. Ng5 Re7 19. Bd5+ Kh8 20. Nf3 Bd7 21. Nh4 Qf6 22. Qh5 g6 23. Bg5 Qg7 24. Nxg6+ Qxg6 25. Qxg6 hxg6 26. Bxc6 Bxc6 27. Bxe7 Kg7 28. b4 Bf3 29. Bc5 Kf7 30. bxa5 Rxa5 31. Bb4 Ra8 32. Ra2 Re8 33. Rd2 Bd8 34. Rb2 Re6 35. Bd2 b6 36. Kf1 Re8 37. Kg1 Re6 38. Rb5 Bc7 39. a4 Bc6 40. Rb4 Re8 41. h4 Ra8 42. Ra1 Ke6 43. Rb2 Rxa4 44. Rxa4 Bxa4 45. Ra2 Bd1 46. Kf1 Bf3 47. Ra7 Kd6 48. Bb4+ Kc6 49. Ra8 Bh5 50. Re8 Kd7 51. Re7+ Kc8 52. Re6 Kd7 53. Re7+ Kc8 54. Re8+ 1/2-1/2

[Event "Schleswig Holstein-ch U16"]
[Site "Neumuenster"]
[Date "2014.04.27"]
[Round "9"]
[White "Koehler, Inken"]
[Black "Kroschel, Anton"]
[Result "1-0"]
[WhiteElo "1765"]
[BlackElo "1560"]
[PlyCount "109"]
[EventDate "2014.04.??"]
[EventType "swiss"]
[EventRounds "9"]
[EventCountry "GER"]
[SourceTitle "EXT 2022"]
[Source "ChessBase"]
[SourceDate "2021.10.06"]
[SourceVersion "1"]
[SourceVersionDate "2021.10.06"]
[SourceQuality "1"]

1. e4 e6 2. d4 d5 3. exd5 exd5 4. Bd3 Bd6 5. Ne2 Ne7 6. 0-0 Bf5 7. Bf4 0-0 8. c3 c6 9. Qc2 Bxd3 10. Qxd3 Ng6 11. Bg3 Qc7 12. Nd2 Nd7 13. Nf3 Nf6 14. Bxd6 Qxd6 15. Ng3 Rfe8 16. Rfe1 Qf4 17. Qf5 Qxf5 18. Nxf5 Ne4 19. Re3 Re6 20. Rae1 Rae8 21. Ng3 Nf4 22. Nxe4 Rxe4 23. Rxe4 Rxe4 24. Rxe4 dxe4 25. Nd2 f5 26. Nc4 Nd3 27. Nd6 Nxb2 28. Nxf5 Na4 29. c4 Nc3 30. a3 g6 31. Nd6 Ne2+ 32. Kf1 Nxd4 33. Nxb7 Kf7 34. Nd6+ Ke6 35. Nxe4 Nc2 36. a4 Na3 37. Ng5+ Kd6 38. Nxh7 Nxc4 39. Nf8 Ne5 40. f4 Ng4 41. h3 Nh6 42. Nxg6 c5 43. Ke2 c4 44. Kd2 Kc5 45. Kc3 Nf5 46. g4 Nd6 47. Ne5 Ne4+ 48. Kc2 Kb4 49. g5 Kxa4 50. Nxc4 Kb4 51. Nd2 Ng3 52. g6 Nh5 53. f5 Nf6 54. g7 Kc5 55. Ne4+ 1-0

[Event "Kiel Cup U20"]
[Site "Kiel"]
[Date "2012.10.06"]
[Round "6"]
[White "Kroschel, Anton"]
[Black "Grounev, Henry"]
[Result "1-0"]
[WhiteElo "1201"]
[BlackElo "778"]
[PlyCount "45"]
[EventDate "2012.10.??"]
[EventType "swiss"]
[EventRounds "7"]
[EventCountry "GER"]
[SourceTitle "EXT 2015"]
[Source "ChessBase"]
[SourceDate "2014.11.20"]
[SourceVersion "1"]
[SourceVersionDate "2014.11.20"]
[SourceQuality "1"]

1. e4 e6 2. d4 d5 3. e5 c5 4. c3 Nc6 5. Nf3 f6 6. Be2 Bd7 7. 0-0 Qa5 8. Bd2 a6 9. c4 Qb6 10. dxc5 Bxc5 11. cxd5 exd5 12. exf6 Nxf6 13. Nc3 Ng4 14. Nxd5 Qxb2 15. Nc7+ Kd8 16. Nxa8 Qf6 17. Bg5 Bxf2+ 18. Rxf2 Ne3 19. Bxf6+ gxf6 20. Qd6 Ng4 21. Rd1 Nxf2 22. Kxf2 Re8 23. Qxd7# 1-0

[Event "Kiel Cup U20"]
[Site "Kiel"]
[Date "2012.10.04"]
[Round "2"]
[White "Kroschel, Anton"]
[Black "Gutschenreiter, Dorian"]
[Result "1/2-1/2"]
[WhiteElo "1201"]
[BlackElo "1559"]
[PlyCount "47"]
[EventDate "2012.10.??"]
[EventType "swiss"]
[EventRounds "7"]
[EventCountry "GER"]
[SourceTitle "EXT 2015"]
[Source "ChessBase"]
[SourceDate "2014.11.20"]
[SourceVersion "1"]
[SourceVersionDate "2014.11.20"]
[SourceQuality "1"]

1. Nf3 Nf6 2. c4 g6 3. b3 Bg7 4. Bb2 d6 5. g3 b6 6. Bg2 Bb7 7. d3 Nbd7 8. 0-0 c5 9. Nbd2 0-0 10. Bh3 Qc7 11. d4 Rfe8 12. Rc1 a6 13. d5 b5 14. e4 Nxe4 15. Bxg7 Nxd2 16. Qxd2 Kxg7 17. Qg5 Bc8 18. Nh4 Nf6 19. Bxc8 Qxc8 20. Qd2 Rb8 21. Rfe1 h6 22. Nf5+ Kg8 23. Nxh6+ Kf8 24. Ng4 1/2-1/2

[Event "Kiel Cup U20"]
[Site "Kiel"]
[Date "2012.10.04"]
[Round "1"]
[White "Schoenweiler, Elisabeth"]
[Black "Kroschel, Anton"]
[Result "0-1"]
[WhiteElo "808"]
[BlackElo "1201"]
[PlyCount "90"]
[EventDate "2012.10.??"]
[EventType "swiss"]
[EventRounds "7"]
[EventCountry "GER"]
[SourceTitle "EXT 2015"]
[Source "ChessBase"]
[SourceDate "2014.11.20"]
[SourceVersion "1"]
[SourceVersionDate "2014.11.20"]
[SourceQuality "1"]

1. e4 e5 2. Nf3 Nc6 3. Bc4 Bc5 4. Nc3 d6 5. h3 Nf6 6. d3 Be6 7. Bb3 0-0 8. Bg5 Bb4 9. 0-0 Bxb3 10. axb3 Bxc3 11. bxc3 h6 12. Bh4 Qe7 13. d4 Rfd8 14. Qe2 exd4 15. cxd4 Re8 16. Rfe1 Qxe4 17. Qxe4 Nxe4 18. d5 Nb4 19. Re2 Nc3 20. Rxe8+ Rxe8 21. Rxa7 Rb8 22. Ra1 Ncxd5 23. c4 Nf4 24. Bg3 Nc2 25. Rc1 Ne2+ 26. Kf1 Nxc1 27. Bf4 Nxb3 28. Bg3 Re8 29. Bf4 Nbd4 30. Bd2 Nxf3 31. gxf3 Na3 32. Ba5 b6 33. Bb4 Nxc4 34. Kg2 c5 35. Bc3 d5 36. Kf1 d4 37. Be1 d3 38. f4 d2 39. Bxd2 Nxd2+ 40. Kg2 c4 41. f5 c3 42. Kg3 c2 43. Kg4 c1Q 44. Kg3 Qg1+ 45. Kf4 Re4# 0-1